000
00283nam a2200121Ia 4500
005
20251222141936.0
008
251222s9999||||xx |||||||||||||| ||spa||
082
_a
341.46/M26
100
_a
Marchena Errol, Victor
245
0
_a
Derecho Aeronáutico:
264
_b
EDDILI
942
_c
LIB
999
_c
9206
_d
9206